000
00202nam a22000857a 4500
008
170601b xxu||||| |||| 00| 0 eng d
100
_9
3194
_a
Dutta. S
245
_a
Our leaders
260
_a
New Delhi
_b
CBT
_c
1989
999
_c
6499
_d
6499